000 01848cab a2200277 4500
001 ABS58940
008 090401t1998 xxu||||| |||| 00| 0 eng d
035 _a(Sirsi) u87099
041 _aeng
245 _aR v Cotswold DC ex p. Barrington Parish Council
260 _c1998
350 _a0
490 _aProperty, planning & compensation reports
_v[1998] 75 P&CR 515-532(18)
520 _aQBD 24 April 1997. The application site was a disused military air base 3 miles outside the parish boundary. The first respondents wrote to the applicants stating that they would try to keep them informed on progress in planning the future of the site. A draft planning brief was produced in 1995 and the applicants did not respond during the public consultation process. Planning permission was granted in 1996 for refurbishmet works to existing houses and change of use of land to residential curtilage. The applicants were not consulted on the application and eight weeks after permission was granted applied for judicial review of the decision on the grounds that, among other things, they had not been consulted. "Held" the applicants had sufficient interest in the matter and there was no good resaon to extend time as there was no reasonable or legitimate expectation for consultation. Application for leave dismissed.
650 _aCCSU V MINISTER FOR THE CIVIL SERVCIE
650 _aCONSULTATION
650 _aEXTENSION OF TIME
650 _aPLANNING BRIEF
650 _aR V HM INSPECTORATE OF POLLUTION AND ANOTHER EX P GREENPEACE
650 _aR V SOS TRANSPORT EX P PRESVAC ENGINEERING LTD AND ANOTHER
650 _aR V STRATFORD UPON AVON DC AND ANOTHER EX P JACKSON
650 _aBUILT ENVIRONMENT-BUILDING MAINTENANCE AND REFURBISHMENT
690 _aPLANNING LAW AND PRACTICE-CASE LAW
942 _n0
948 _c30/06/1998
999 _c54889
_d54889